000 01367cam a22003737a 4500
003 CHAP
005 20220329142230.0
008 000313d2000 mx r 00110 spa d
010 _a80276
011 _a81248
035 _a91715
040 _cCHAP
090 _aTesis
100 0 0 _aAguilar Zarate, Humberto.
_92883
245 1 0 _aContenido de proteina cruda y digestibilidad del maíz para forraje
_c/por Humberto Aguilar Zarate y Abelardo de la Torre Pizaña
260 _aChapingo, Méx. :
_bEl autor,
_c2000.
300 _a69 h.
502 _aTesis (Ing. Agr. Esp. en Zootecnia) -- UACH. Departamento de Zootecnia
590 _aALEPH
_b10
_c20130110
_lUCH01
_h1434
590 _aBATCH-UPD
_b10
_c20130110
_lUCH01
_h0621
590 _aBATCH-UPD
_b10
_c20130410
_lUCH01
_h0304
590 _aBATCH-UPD
_b10
_c20130914
_lUCH01
_h0235
590 _aCONVERSION
_b10
_c20130109
_lUCH01
_h1345
650 1 4 _aAlimentos y alimentación del ganado
_xDigestibilidad.
_94333
650 1 4 _aMaíz como forraje.
_971109
650 1 4 _aPlantas forrajeras
_xProteínas.
_988978
700 0 _aTorre Piza, Abelardo de la.
_9114007
901 _aBK
905 _aLilia Sánchez G.
942 _cFOLL
949 _bBC
_cTES
_d33724000763991
_eTS2
_fc.3
_h36090
_i91715
_si
949 _bBC
_cTES
_d33724000764007
_eTS2
_fc.2
_h36089
_i91715
_sb
949 _bBC
_cTES
_d917151
_eTS1
_h36088
_i91715
_sb
999 _c80276
_d80276